| 000 | 00418cam a2200169ua 4500 | ||
|---|---|---|---|
| 020 | _c3.00 | ||
| 041 |
_amal _h |
||
| 082 |
_a894.812803 _bSKP/KA |
||
| 100 | _aS K , Pottekkat . | ||
| 245 |
_aKapirikalude nattil / _cS K Pottekkat. _hTextual Documents |
||
| 260 |
_aThrissur : _bThe Mangalodayam Pvt Ltd , _c1964. |
||
| 300 | _a118 ; . | ||
| 365 | _a3.00 | ||
| 504 | _a | ||
| 942 | _cBK | ||
| 999 |
_c4684 _d4684 |
||